| 000 | 01036cam a2200301 a 4500 | ||
|---|---|---|---|
| 001 | 14425376 | ||
| 005 | 20180104074153.0 | ||
| 008 | 060623s2007 ilu b s001 0 eng | ||
| 010 | _a 2006020764 | ||
| 020 | _a0252031490 (cloth : alk. paper) | ||
| 020 | _a9780252031496 (cloth : alk. paper) | ||
| 020 | _a0252073932 (pbk. : alk. paper) | ||
| 020 | _a9780252073939 (pbk. : alk. paper) | ||
| 035 | _a(OCoLC)ocm70176881 | ||
| 035 | _a(OCoLC)70176881 | ||
| 040 |
_aDLC _cDLC _dBAKER _dBTCTA _dC#P _dYDXCP _dIXA _dDLC |
||
| 041 | _aeng | ||
| 043 | _an-us--- | ||
| 080 | _a331.470973 HAR | ||
| 082 | 0 | 0 |
_a331.470973 HAR _222 |
| 100 | 1 | _a50 | |
| 101 | _aSOC | ||
| 245 | 1 | 0 |
_aGendering labor history / _cAlice Kessler-Harris. |
| 504 | _aIncludes bibliographical references (p. [301]-356) and index. | ||
| 906 |
_a7 _bcbc _corignew _d1 _eecip _f20 _gy-gencatlg |
||
| 942 |
_2ddc _cBK |
||
| 999 |
_c39728 _d39728 |
||